| 000 | 00891cam a2200289 i 4500 | ||
|---|---|---|---|
| 001 | 4663431 | ||
| 003 | OSt | ||
| 005 | 20220228144433.0 | ||
| 008 | 800828s1981 nyua 001 0 eng | ||
| 010 | _a 80023582 | ||
| 020 | _a9780070153899 | ||
| 038 | _aKhadija | ||
| 040 |
_aDLC _cDLC _dDLC |
||
| 050 | 0 | 0 |
_aTA405 _b.B39 |
| 082 | 0 | 0 |
_a620.112 _219 _bBEE |
| 100 | 1 |
_aBeer, Ferdinand P. _q(Ferdinand Pierre), _d1915-2003. _989854 |
|
| 245 | 1 | 0 |
_aMechanics of materials / _cFerdinand P. Beer, E. Russell Johnston, Jr. |
| 250 | _a5th. | ||
| 260 |
_aNew York : _bMcGraw-Hill, _cc2010. |
||
| 300 |
_axv, 780 p. : _bill. ; _c25 cm. |
||
| 500 | _aIncludes index. | ||
| 563 | _aPB | ||
| 650 | 0 |
_aStrength of materials. _989855 |
|
| 700 | 1 |
_aJohnston, E. Russell _q(Elwood Russell), _d1925-2010, _ejoint author. _989856 |
|
| 906 |
_a7 _bcbc _corignew _du _eocip _f19 _gy-gencatlg |
||
| 942 |
_2ddc _cBK |
||
| 999 |
_c32762 _d32762 |
||